| 000 | 01306nam a22002657a 4500 | ||
|---|---|---|---|
| 005 | 20081117123210.0 | ||
| 008 | 081117t xxu||||| |||| 00| 0 hin d | ||
| 010 | _aHIN-84972 | ||
| 020 |
_c225.00 _a9788190535519 |
||
| 035 | _aHN-57318 | ||
| 037 | _bDBAD / PUB | ||
| 040 |
_aDPL _bHN |
||
| 082 | _a520 | ||
| 100 | _aपाण्डेय, पवन कुमार | ||
| 245 |
_aअंतरिक्ष जगत की सैर / _cपवन कुमार पाण्डेय |
||
| 246 |
_bby Pawan Kumar Pandey _aAntriksh jagat kii sair |
||
| 260 |
_aरायबरेली _bवासुदेव प्रकाशन _c2008 |
||
| 270 |
_aदरियापुर चौराहा सलोन रोड़ मुंशीगंज _bरायबरेली |
||
| 300 |
_a208 पृ _c22सेमी (सजिल्द) |
||
| 650 | _aखगोल विद्या | ||
| 650 | _aAstronomy | ||
| 366 | _bसुरैया खान, 48, मीना बाजार जामा मस्जिद, दिल्ली-110006 , 921399978 | ||
| 942 |
_2ddc _cHN _mपाण्डेय _h520 |
||
| 999 |
_c18549 _d18549 |
||